00619nam a2200193Ia 4500003000900000005001700009008004100026040001300067040001300080041000800093100002000101245019600121250001800317260001700335260000900352300001200361490004400373490000800417IT-RoPAU20220918175616.0120407s9999 xx 000 0 und d aIT-RoPAU cIT-RoPAU aita aAlfredo Panzini aLa Madonna di mamà. Romanzo del tempo di guerra. Da “Piccole storie del mondo grande “ Da “Le fiabe della virtù”. In “Narratori dell’Ottocento e del primo Novecento” Vol.V. aMilano-Napoli aR. Ricciardi c1966 c22,5 cm aLa Letteratura Italiana. Storia e Testi v645